000 00294nam a22001337a 4500
003 SGT
082 _a370
_bE16M
100 _aMANOHARAN, P.K.
245 _aEDUCATION AND PERSONALITY DEVELOPMENT
260 _aNEW DELHI
_bAPH PUB
_c2016
300 _a139
650 _aEDUCATION
942 _2ddc
_cBK
999 _c12430
_d12430